Lịch sử tư tưởng xã hội chủ nghĩa phương Tây trước chủ nghĩa Mác
Giới thiệu về tư tưởng xã hội chủ nghĩa phương Tây thời cổ đại và trung đại, chủ nghĩa xã hội không tưởng thời đầu cận đại, chủ nghĩa xã hội không tưởng ở Pháp thế kỉ XVIII, chủ nghĩa xã hội không tưởng-phê phán đầu thế kỉ XIX. Giới thiệu tác phẩm "Đảo không tưởng" và "Thành phố mặt t...
Αποθηκεύτηκε σε:
| Κύριος συγγραφέας: | |
|---|---|
| Άλλοι συγγραφείς: | |
| Μορφή: | Βιβλίο |
| Γλώσσα: | Vietnamese |
| Έκδοση: |
H.
Chính trị Quốc gia
2006
|
| Θέματα: | |
| Ετικέτες: |
Προσθήκη ετικέτας
Δεν υπάρχουν, Καταχωρήστε ετικέτα πρώτοι!
|
| Thư viện lưu trữ: | Mạng thư viện Đại học Đà Nẵng |
|---|
| LEADER | 01700aam a22003738a 4500 | ||
|---|---|---|---|
| 001 | 000009923 | ||
| 003 | 6121 | ||
| 005 | 20111104071101.0 | ||
| 008 | 111104s2006 viesd | ||
| 020 | |c 45000đ |d 1000b | ||
| 041 | |a vie | ||
| 082 | 1 | 4 | |2 14 |a 190 |b TR-H |
| 084 | |a Y3(4)5-61 |b L302S | ||
| 100 | 1 | |a Trần Hùng | |
| 245 | |a Lịch sử tư tưởng xã hội chủ nghĩa phương Tây trước chủ nghĩa Mác |c B.s.: Trần Hùng, Trần Chí Mỹ | ||
| 260 | |a H. |b Chính trị Quốc gia |c 2006 | ||
| 300 | |a 517tr. |b ảnh chân dung |c 21cm | ||
| 504 | |a Thư mục: tr. 508-511 | ||
| 520 | |a Giới thiệu về tư tưởng xã hội chủ nghĩa phương Tây thời cổ đại và trung đại, chủ nghĩa xã hội không tưởng thời đầu cận đại, chủ nghĩa xã hội không tưởng ở Pháp thế kỉ XVIII, chủ nghĩa xã hội không tưởng-phê phán đầu thế kỉ XIX. Giới thiệu tác phẩm "Đảo không tưởng" và "Thành phố mặt trời" | ||
| 650 | 7 | |2 Bộ TK TVQG |a Tư tưởng xã hội chủ nghĩa | |
| 650 | 7 | |2 Bộ TK TVQG |a Chủ nghĩa Mác | |
| 650 | 7 | |2 Bộ TK TVQG |a Lịch sử | |
| 700 | 1 | |a Trần Chí Mỹ | |
| 910 | |a Nguyễn Thị Kim Oanh |d 4/11/2011 | ||
| OWN | |a LSP | ||
| AVA | |a UDN50 |b LSP |d 190 TR-H |e available |t Error 5001 Not defined in file expand_doc_bib_avail. |f 10 |g 0 |h N |i 1 |k 1 | ||
| 999 | |a From the UDN01 | ||
| AVA | |a UDN50 |b LSP |d 190 TR-H |e available |t Error 5001 Not defined in file expand_doc_bib_avail. |f 10 |g 0 |h N |i 1 |k 1 | ||
| TYP | |a Monograph | ||
| TYP | |a Printed language | ||
| 980 | |a Mạng thư viện Đại học Đà Nẵng | ||